=LDR 00000nam 2200000 4500 =001 NUTBA000000000000886 =990 ##$$a 40600031 =005 20221027121926 =990 ##$$a 40600883 =035 ##$$a 0010-041400000000156 =990 ##$$a 40600882 =008 221027################g##########0#ind## =990 ##$$a 40600881 =020 ##$$a 979-428-501-3 =990 ##$$a 40600884 =084 ##$$a 343.08 PUR p =990 ##$$a 40600034 =100 ##$$a Purwosutjipto, H.M.N. =245 1#$$a Pengertian pokok hukum dagang Indonesia 8 : $b Perwasitan, kepailitan dan penundaan pembayaran /$c H.M.N. Purwosutjipto, SH. =260 ##$$a Jakarta :$b Djambatan,$c 2003 =300 ##$$a xi, 170 hlm. ; $c 21 x 14 cm. =440 ##$$a POKOK HUKUM DAGANG INDONESIA =082 ##$$a 343.08 =250 ##$$a Cet.4 =650 #4$$a Hukum Dagang =990 ##$$a 40600883 =990 ##$$a 40600882 =990 ##$$a 40600881 =990 ##$$a 40600884 =990 ##$$a 40600031 =990 ##$$a 40600034 =990 ##$$a 40600034 =990 ##$$a 40600883 =990 ##$$a 40600882 =990 ##$$a 40600881 =990 ##$$a 40600884 =990 ##$$a 40600031